00673nam a2200181Ia 4500952009700000999001700097008004100114020001800155050001600173100003800189245005600227260005300283300001500336505004400351519004100395650004300436942001200479 00102lcc4070a01b01d2022-11-15l0oPQ7154 S44p16 003015r2023-07-13t1w2022-11-15yLB c68985d68985120626s9999 xx 000 0 und d a968-16-2073-9 aPQ7154bS44 aSheridan, Guillermo, 1950-eautor aLos contemporáneos de ayerc/ Guillermo Sheridan aMéxicob: Fondo de Cultura Económicac, 1985 a411 pág. aI. La vida oculta II. La vida pública aMaterial complementario /d16 003015 a1. Literatura mexicana- Siglo XXÌÌ 2lcccLB